AS Roma Scorers in 2010s Champions League - Statistics

General Stats
  • This quiz has been taken 367 times
  • The average score is 14 of 25
Answer Stats
Player Nation Gls % Correct
Edin Džeko Bosnia 15
100%
Francesco Totti Italy 4
95%
Mohamed Salah Egypt 1
91%
Gervinho Ivory Coast 4
90%
Kostas Manolas Greece 3
90%
Daniele De Rossi Italy 5
86%
Miralem Pjanić Bosnia 2
85%
Radja Nainggolan Belgium 2
75%
Stephan El Shaarawy Italy 2
68%
Cengiz Ünder Turkey 4
67%
Aleksandar Kolarov Serbia 1
61%
Alessandro Florenzi Italy 1
59%
Diego Perotti Argentina 3
59%
Lorenzo Pellegrini Italy 1
58%
Juan Iturbe Paraguay 1
44%
Vasilis Torosidis Greece 1
43%
Nicolò Zaniolo Italy 2
38%
Simone Perrotta Italy 1
29%
Philippe Mexès France 1
28%
Jérémy Ménez France 2
26%
Justin Kluivert Netherlands 1
26%
Marco Borriello Italy 4
25%
Iago Falque Spain 1
15%
Leandro Greco Italy 1
2%
Maicon Sisenando Brazil 1
1%
No matching quizzes found
Score Distribution
Percent of People with Each Score
Percentile by Number Answered
Your Score History
You have not taken this quiz